| 000 -LEADER |
| fixed length control field |
01112nam a2200313Ia 4500 |
| 020 ## - INTERNATIONAL STANDARD BOOK NUMBER |
| ISBN |
0078298148 (student ed.) |
| 020 ## - INTERNATIONAL STANDARD BOOK NUMBER |
| ISBN |
9780078298141 (student ed.) |
| 020 ## - INTERNATIONAL STANDARD BOOK NUMBER |
| ISBN |
0078298075 (teacher wraparound ed.) |
| 020 ## - INTERNATIONAL STANDARD BOOK NUMBER |
| ISBN |
9780078298073 (teacher wraparound ed.) |
| 040 ## - CATALOGING SOURCE |
| Transcribing agency |
DCL |
| 082 ## - DEWEY DECIMAL CLASSIFICATION NUMBER |
| Classification number |
337 GLE 2005 A107 Or. |
| 245 00 - TITLE STATEMENT |
| Title |
Glencoe writer's choice : |
| Remainder of title |
grammar and composition. |
| 246 30 - VARYING FORM OF TITLE |
| Title proper/short title |
Glencoe writer's choice. |
| 246 30 - VARYING FORM OF TITLE |
| Title proper/short title |
Writer's choice : |
| Remainder of title |
grammar and composition. |
| 246 30 - VARYING FORM OF TITLE |
| Title proper/short title |
Writer's choice. |
| 246 3# - VARYING FORM OF TITLE |
| Title proper/short title |
Glencoe writer's choice : |
| Remainder of title |
grammar and composition. |
| 246 3# - VARYING FORM OF TITLE |
| Title proper/short title |
Glencoe writer's choice. |
| 246 3# - VARYING FORM OF TITLE |
| Title proper/short title |
Writer's choice : |
| Remainder of title |
grammar and composition. |
| 246 3# - VARYING FORM OF TITLE |
| Title proper/short title |
Writer's choice. |
| 260 ## - PUBLICATION, DISTRIBUTION, ETC. (IMPRINT) |
| Place of publication |
New York : |
| Name of publisher |
Glencoe/McGraw-Hill, |
| Year of publication |
c2005 |
| 300 ## - PHYSICAL DESCRIPTION |
| Number of Pages |
xxxi, 704 p. : |
| Other physical details |
col. ill. ; |
| Dimensions |
27 cm. + |
| Accompanying material |
teacher wraparound ed. (T48, xxxi, 704 p. : col. ill. ; 29 cm.) |
| 500 ## - GENERAL NOTE |
| General note |
Includes index |
| 650 #0 - SUBJECT ADDED ENTRY--TOPICAL TERM |
| Topical Term |
English language |
| 650 #0 - SUBJECT ADDED ENTRY--TOPICAL TERM |
| Topical Term |
English language |
| 650 #0 - SUBJECT ADDED ENTRY--TOPICAL TERM |
| Topical Term |
Language arts (Middle school) |
| 650 #0 - SUBJECT ADDED ENTRY--TOPICAL TERM |
| Topical Term |
Language arts |
| 710 2# - ADDED ENTRY--CORPORATE NAME |
| Corporate name or jurisdiction name as entry element |
Glencoe/McGraw-Hill |
| 942 ## - ADDED ENTRY ELEMENTS (KOHA) |
| Koha item type |
សៀវភៅភាសាអង់គ្លេស |
| 952 ## - LOCATION AND ITEM INFORMATION (KOHA) |
| Withdrawn status [LOCAL, KOHA] |
0 |